| 000 | 00343nam a2200133 a 4500 | ||
|---|---|---|---|
| 001 | 5651 | ||
| 003 | CDMR | ||
| 005 | 20131028131439.0 | ||
| 008 | 130130s1981||||||||||||||||||||||||||||d | ||
| 040 |
_aCDMR _bcat _cCPC GIRONA |
||
| 245 | 0 |
_aUserda _b: Revista ecologista de Catalunya |
|
| 260 |
_c1981 _bEdicions d'Ecologia _aBarcelona |
||
| 942 |
_cMON _2udc |
||
| 999 |
_c5651 _d5651 |
||